<?xml version="1.0" encoding="UTF-8"?>
<record
    xmlns:xsi="http://www.w3.org/2001/XMLSchema-instance"
    xsi:schemaLocation="http://www.loc.gov/MARC21/slim http://www.loc.gov/standards/marcxml/schema/MARC21slim.xsd"
    xmlns="http://www.loc.gov/MARC21/slim">

  <leader>01669nam a22002657a 4500</leader>
  <controlfield tag="001">2912</controlfield>
  <controlfield tag="003">FISKH</controlfield>
  <controlfield tag="005">20251127083611.0</controlfield>
  <controlfield tag="008">240123b        cb ||||| |||| 00| 0 eng d</controlfield>
  <datafield tag="020" ind1=" " ind2=" ">
    <subfield code="a">9781407107158</subfield>
  </datafield>
  <datafield tag="040" ind1=" " ind2=" ">
    <subfield code="a">FISKH</subfield>
    <subfield code="b">eng</subfield>
    <subfield code="c">FISKH</subfield>
    <subfield code="d">FISKH</subfield>
  </datafield>
  <datafield tag="050" ind1=" " ind2=" ">
    <subfield code="a">Z103.3 </subfield>
  </datafield>
  <datafield tag="082" ind1=" " ind2=" ">
    <subfield code="a">652.8</subfield>
  </datafield>
  <datafield tag="100" ind1=" " ind2=" ">
    <subfield code="a">Poskitt, Kjartan </subfield>
  </datafield>
  <datafield tag="245" ind1=" " ind2=" ">
    <subfield code="a">The secret life of codes ; </subfield>
    <subfield code="b">It's maths with the laughs added in! /</subfield>
    <subfield code="c">Kjartan Poskitt ; illustrated by philip Reeve </subfield>
  </datafield>
  <datafield tag="250" ind1=" " ind2=" ">
    <subfield code="a">This edition published in 2010 </subfield>
  </datafield>
  <datafield tag="260" ind1=" " ind2=" ">
    <subfield code="a">London : </subfield>
    <subfield code="b">Scholastic, </subfield>
    <subfield code="c">2007</subfield>
  </datafield>
  <datafield tag="300" ind1=" " ind2=" ">
    <subfield code="a">157 pages : </subfield>
    <subfield code="b">illustrations ; </subfield>
    <subfield code="c">20 cm </subfield>
  </datafield>
  <datafield tag="490" ind1=" " ind2=" ">
    <subfield code="a">Murderous Maths  </subfield>
  </datafield>
  <datafield tag="520" ind1=" " ind2=" ">
    <subfield code="a">Did you ever want to send a message that only your friend can read? Or did you want to try and uncover a secret communication from someone else? If so, then here's everything you need to know about creating and cracking codes--from the simplest substitution messages to the secrets of the well-known World War II coding contraption, the amazing Enigma Machine! The book includes information about: Substitution codes Scrambling codes Codes containing unrecognizable symbols Other message systems such as Morse code and flags And how to make your own Enigma machine! You'll be thrilled as this amusing book takes you on a codebreaking adventure, learning ways to decode both simple and difficult puzzles, as well as provides you with a history on the cryptology. Filled with tips and enjoyable illustrations by Ian Baker, Codes will have you sending secret messages in no time.</subfield>
  </datafield>
  <datafield tag="650" ind1=" " ind2=" ">
    <subfield code="a">Murderous Maths </subfield>
    <subfield code="v">Nonfiction </subfield>
  </datafield>
  <datafield tag="650" ind1=" " ind2=" ">
    <subfield code="a">Codes </subfield>
  </datafield>
  <datafield tag="700" ind1=" " ind2=" ">
    <subfield code="a">Reeve, Philip</subfield>
    <subfield code="e">illustrator </subfield>
  </datafield>
  <datafield tag="942" ind1=" " ind2=" ">
    <subfield code="2">ddc</subfield>
    <subfield code="c">BK</subfield>
    <subfield code="n">0</subfield>
  </datafield>
  <datafield tag="999" ind1=" " ind2=" ">
    <subfield code="c">2912</subfield>
    <subfield code="d">2912</subfield>
  </datafield>
  <datafield tag="952" ind1=" " ind2=" ">
    <subfield code="0">0</subfield>
    <subfield code="1">0</subfield>
    <subfield code="2">ddc</subfield>
    <subfield code="4">0</subfield>
    <subfield code="7">0</subfield>
    <subfield code="8">NFIC</subfield>
    <subfield code="a">001</subfield>
    <subfield code="b">001</subfield>
    <subfield code="c">TKSNF</subfield>
    <subfield code="d">2024-01-23</subfield>
    <subfield code="l">0</subfield>
    <subfield code="o">POS 652.8 Z103.3</subfield>
    <subfield code="p">FISTK03933</subfield>
    <subfield code="r">2024-01-23 11:03:00</subfield>
    <subfield code="t">1</subfield>
    <subfield code="w">2024-01-23</subfield>
    <subfield code="y">BK</subfield>
  </datafield>
  <datafield tag="952" ind1=" " ind2=" ">
    <subfield code="0">0</subfield>
    <subfield code="1">0</subfield>
    <subfield code="2">ddc</subfield>
    <subfield code="4">0</subfield>
    <subfield code="7">0</subfield>
    <subfield code="8">NFIC</subfield>
    <subfield code="a">002</subfield>
    <subfield code="b">002</subfield>
    <subfield code="c">SNS</subfield>
    <subfield code="d">2025-11-25</subfield>
    <subfield code="l">0</subfield>
    <subfield code="o">POS 652.8 Z103.3</subfield>
    <subfield code="p">FISSE00079</subfield>
    <subfield code="r">2025-11-25 16:14:00</subfield>
    <subfield code="t">2</subfield>
    <subfield code="w">2025-11-25</subfield>
    <subfield code="y">BK</subfield>
  </datafield>
</record>
